000 00487cam a2200193 4500
001 D15807
008 090401t1978 xxu||||| |||| 00| 0 eng d
035 _a(Sirsi) u25281
041 _aeng
050 _a692.5
110 _aRoyal Institution of Chartered Surveyors
_94900
245 _aPractice Manual : SMM6
260 _bRICS/NFBTE
_c1978
300 _a38p
350 _a1.6
520 _aFiled in box 1978/27 A; Filed in SMM box 1978/2 BC
942 _n0
948 _c04/03/1997
999 _c88707
_d88707